[Event "Ticino op"]
[Site "Ticino"]
[Date "1990.??.??"]
[Round "?"]
[White "Joksic, Sinisa"]
[Black "Gallagher, Joseph G"]
[Result "0-1"]
[WhiteElo "2320"]
[BlackElo "2470"]

1.d4 Nf6 2.Bg5 Ne4 3.Bh4 g5 4.Qd3 d5 5.f3 gxh4 6.fxe4 dxe4 7.Qxe4 c5 8.dxc5 Nc6
9.c3 Bh6 10.Nf3 h3 11.g4 Bc1 12.Qc2 Be3 13.b4 Qd5 14.Qd3 Qxd3 15.exd3 Bxg4
16.Nbd2 O-O-O 17.Be2 Bxf3 18.Nxf3 Rhg8 19.b5 Na5 20.d4 Rg2 21.Rd1 f5 22.Rd3 f4
23.Ne5 Rdg8 24.a4 Kc7 25.Ng4 R8xg4 26.Bxg4 Rxg4 27.Rxe3 fxe3 28.Ke2 Nc4 29.Kd3 Nb2+
30.Kxe3 Nxa4 31.Kd3 Nb2+ 32.Ke3 Rg2 33.Rf1 Rxh2 34.Rf7 Nd1+ 35.Kd3 Kd7 36.d5 Nf2+
37.Kc4 Ng4 38.Rxh7 Nf6 39.Rh6 Ng4 40.Rh7 Nf6 41.Rh6 Rh1 42.d6 h2 43.dxe7 Kxe7
44.c6 bxc6 45.bxc6 Ng4 46.Rh7+ Kd8 47.Kc5 Rc1 48.Rh8+ Ke7 49.Rh7+ Ke6  0-1

[Event "Toulouse op"]
[Site "Toulouse"]
[Date "1990.??.??"]
[Round "6"]
[White "Klaric, Zlatko"]
[Black "Kinsman, Andrew PH"]
[Result "1-0"]
[WhiteElo "2400"]
[BlackElo "2340"]

1.d4 Nf6 2.Bg5 Ne4 3.Bf4 c5 4.f3 Qa5+ 5.c3 Nf6 6.d5 g6 7.e4 d6 8.Bd3 Bg7
9.Ne2 O-O 10.O-O Qb6 11.Qb3 Qxb3 12.axb3 Nbd7 13.Nd2 a6 14.Nc4 Re8 15.g4 b5
16.Na5 Nb6 17.c4 b4 18.Rad1 Nfd7 19.Rd2 Ne5 20.Bb1 Bd7 21.h3 h5 22.Ng3 hxg4
23.hxg4 Ra7 24.Be3 e6 25.dxe6 Rxe6 26.Ne2 Nc8 27.Nf4 Re8 28.Nd5 Nc6 29.Nxc6 Bxc6
30.f4 a5 31.e5 Rd7 32.Be4 dxe5 33.f5 Bxd5 34.Bxd5 gxf5 35.gxf5 Rc7 36.f6  1-0

[Event "Vrnjacka Banja"]
[Site "Vrnjacka Banja"]
[Date "1990.??.??"]
[Round "6"]
[White "Conquest, Stuart"]
[Black "Kolev, Atanas"]
[Result "1-0"]
[WhiteElo "2465"]
[BlackElo "2425"]

1.d4 Nf6 2.Bg5 Ne4 3.Bf4 c5 4.d5 Qb6 5.Nd2 Nxd2 6.Bxd2 Qxb2 7.e4 Qb6 8.f4 e6
9.Rb1 Qc7 10.c4 Be7 11.Nf3 O-O 12.Bd3 d6 13.O-O exd5 14.exd5 Nd7 15.g4 Bf6
16.Qc2 g6 17.f5 Bg7 18.a4 Qd8 19.Kh1 Ne5 20.Nxe5 dxe5 21.Be4 Qd6 22.Rb3 Re8
23.Rh3 Bd7 24.Qb3 Qa6 25.Qf3 Rf8 26.Rc1 Qxa4 27.Qf2 Qa2 28.Qh4 h5 29.Be3 Qe2
30.gxh5 Qxh5 31.Qg3 Qe2 32.Qh4 Rfc8 33.Qh7+ Kf8 34.Rg3 Qh5 35.fxg6 Qxh7 36.gxh7 Bf6
37.d6 Bg4 38.Rxg4 Ke8 39.Bf5 Bg5 40.h8=Q+  1-0

[Event "EU-ch U20"]
[Site "Aalborg"]
[Date "1991.??.??"]
[Round "?"]
[White "Jirovsky, Pavel"]
[Black "Ciemniak, Robert"]
[Result "1/2-1/2"]
[WhiteElo "2285"]
[BlackElo "2230"]

1.d4 Nf6 2.Bg5 Ne4 3.h4 c5 4.dxc5 Qa5+ 5.Nd2 Nxg5 6.hxg5 g6 7.c3 Qxc5 8.Ngf3 Bg7
9.e4 Nc6 10.Nb3 Qb6 11.Qd2 Qc7 12.Be2 a6 13.O-O-O b5 14.Kb1 d6 15.Rh4 Qb6
16.Rdh1 Kf8 17.Rf4 Nd8 18.Bf1 Ne6 19.Rfh4 Bb7 20.Nfd4 Nc5 21.f3 Kg8 22.Be2 Rd8
23.Qe1 Na4 24.a3 Nc5 25.Qg1 Qc7 26.Nxc5 Qxc5 27.Qh2 Qxg5 28.Rxh7 Rxh7 29.Qxh7+ Kf8
30.Qh2 e5 31.Nb3 Qe3 32.Bd1 Ke7 33.Bc2 Rh8 34.Qg1 Qxg1+ 35.Rxg1 Rh2 36.Nd2 d5
37.exd5 Bxd5 38.Be4 Ke6 39.Bxd5+ Kxd5 40.Nf1 Rh8 41.Ne3+ Ke6 42.Kc2 Rd8 43.Rh1 Bf6
44.Re1 Bh4 45.Re2 Bg5 46.Nd1  1/2-1/2

[Event "Aarhus-B"]
[Site "Aarhus"]
[Date "1991.??.??"]
[Round "?"]
[White "Sogaard, Soren"]
[Black "Pedersen, E."]
[Result "0-1"]
[WhiteElo "2335"]
[BlackElo "2405"]

1.d4 Nf6 2.Bg5 Ne4 3.h4 d5 4.Nd2 Nxg5 5.hxg5 Bf5 6.e3 e6 7.f4 c5 8.Ngf3 Nc6
9.c3 Qb6 10.Qb3 Qc7 11.g3 Be7 12.Nh4 Bg4 13.Be2 Bxe2 14.Kxe2 O-O-O 15.Nhf3 f6
16.gxf6 gxf6 17.Qc2 h5 18.dxc5 Bxc5 19.Nb3 Bb6 20.Qg6 Qe7 21.Rag1 e5 22.Qf5+ Kb8
23.fxe5 fxe5 24.Rxh5 Rhf8 25.Qg4 d4 26.Rf5 Qe6 27.Nh4 Ne7 28.Rg5 Qc4+ 29.Ke1 Qd3
30.Rxe5 dxe3 31.Qe4 Qd1+  0-1

[Event "Acasusso op"]
[Site "Acasusso"]
[Date "1991.??.??"]
[Round "5"]
[White "Fiorito, Fabian"]
[Black "Sorin, Ariel"]
[Result "1/2-1/2"]
[WhiteElo "2435"]
[BlackElo "2405"]

1.d4 Nf6 2.Bg5 Ne4 3.Bf4 c5 4.d5 Qa5+ 5.c3 e6 6.dxe6 fxe6 7.Nd2 Nxd2 8.Qxd2 Nc6
9.Nf3 d5 10.e3 Be7 11.Bd3 c4 12.Bc2 Bf6  1/2-1/2

[Event "URS-chT"]
[Site "Azov"]
[Date "1991.??.??"]
[Round "?"]
[White "Kataev, Simcho"]
[Black "Martynov, Pavel"]
[Result "1/2-1/2"]
[WhiteElo "2315"]
[BlackElo "2465"]

1.d4 Nf6 2.Bg5 Ne4 3.Bf4 d5 4.e3 Bf5 5.f3 Nf6 6.Bd3 Bg6 7.Bxg6 hxg6 8.Qd3 Nc6
9.Ne2 e6 10.Nd2 Bd6 11.O-O-O Bxf4 12.Nxf4 Qd6 13.c4 O-O-O 14.Kb1 e5 15.Nxd5 Nxd5
16.Ne4 Qd7 17.cxd5 Qxd5 18.Nc3 Qa5 19.d5 Kb8 20.Qc4 Qb4 21.Qxb4  1/2-1/2

[Event "URS-chT"]
[Site "Azov"]
[Date "1991.??.??"]
[Round "?"]
[White "Imanaliev, Taalaibek"]
[Black "Neverov, Valeriy"]
[Result "1/2-1/2"]
[WhiteElo "2355"]
[BlackElo "2540"]

1.d4 Nf6 2.Bg5 Ne4 3.Bf4 d5 4.Nd2 Nxd2 5.Qxd2 Bf5 6.e3 e6 7.Bd3 Bxd3 8.Qxd3 Nd7
9.Nf3 Be7 10.e4 c6 11.O-O O-O 12.c4 Nf6 13.exd5 exd5 14.c5 Ne4 15.Nd2 Bf6
16.Rfe1 Re8 17.f3 Nxd2 18.Qxd2 Qd7 19.Bg5 Bxg5 20.Qxg5 b6 21.b4 bxc5 22.bxc5 h6
23.Qd2 Qf5 24.Kf2 Rab8 25.Rxe8+ Rxe8 26.Re1 Rxe1  1/2-1/2

[Event "Cansys GM-Nov"]
[Site "Budapest"]
[Date "1991.??.??"]
[Round "1"]
[White "Shereshevski, Mikhail"]
[Black "Apicella, Manuel"]
[Result "1-0"]
[WhiteElo "2470"]
[BlackElo "2430"]

1.d4 Nf6 2.Bg5 Ne4 3.Bh4 c5 4.f3 g5 5.fxe4 gxh4 6.e3 Qb6 7.Nc3 Bh6 8.Nd5 Qd8
9.Qh5 Bg7 10.Qxh4 cxd4 11.Qg3 Kf8 12.exd4 Bxd4 13.O-O-O Rg8 14.Qh4 Nc6 15.Nf3 Bg7
16.Ng5 h6 17.Nxf7 Kxf7 18.Qh5+ Kf8 19.Bc4 Bxb2+ 20.Kxb2 Kg7 21.Nc7 Rf8 22.Rhf1  1-0

[Event "Spring op"]
[Site "Budapest"]
[Date "1991.??.??"]
[Round "2"]
[White "Dezelin, Milan"]
[Black "Loginov, Valery A"]
[Result "0-1"]
[WhiteElo "2320"]
[BlackElo "2530"]

1.d4 Nf6 2.Bg5 Ne4 3.Bh4 c5 4.f3 g5 5.fxe4 gxh4 6.e3 Qb6 7.Nc3 Qh6 8.Qf3 Bg7
9.Nd5 Kd8 10.c3 Rf8 11.Qf4 Qxf4 12.Nxf4 b6 13.Nf3 Bb7 14.Bd3 Bh6 15.Nxh4 cxd4
16.cxd4 e6 17.O-O Nc6 18.e5 Nb4 19.Bxh7 Rh8 20.a3 Nd5 21.Nxd5 Bxd5 22.Rxf7 Bxe3+
23.Kh1 Bxd4 24.Rd1 Rc8 25.h3 Bxb2 26.Ng6 Re8 27.Nf4 Bc6 28.Nd3 Bxa3 29.Ra1 Rf8
30.Rg7 Be7 31.Rxa7 Bd5 32.h4 Rc4 33.h5 Rh4+ 34.Kg1 Rxh5 35.Bg6 Rg5  0-1

[Event "Spring op"]
[Site "Budapest"]
[Date "1991.??.??"]
[Round "3"]
[White "Mueller, M."]
[Black "Orso, Miklos"]
[Result "0-1"]
[WhiteElo "2275"]
[BlackElo "2400"]

1.d4 Nf6 2.Bg5 Ne4 3.Bf4 d5 4.e3 g6 5.Bd3 Bg7 6.c3 Nd7 7.Qc2 f5 8.Nf3 c5
9.O-O O-O 10.c4 e6 11.Nc3 g5 12.Bxe4 gxf4 13.Bd3 fxe3 14.dxc5 d4 15.Na4 Ne5
16.Nxe5 Bxe5 17.f4 Bg7 18.Rf3 Bd7 19.b4 Qe7 20.Raf1 Kh8 21.Rh3 h6 22.Nb2 b6
23.Be2 bxc5 24.b5 a6 25.a4 Bc8 26.Nd3 Bb7 27.Ne5 Kh7 28.Bf3 Bxe5 29.fxe5 Bxf3
30.Rfxf3 Rg8  0-1

[Event "Buenos Aires Konex"]
[Site "Buenos Aires"]
[Date "1991.??.??"]
[Round "6"]
[White "Rossetto, Hector"]
[Black "Llanos, Guillermo"]
[Result "0-1"]
[WhiteElo "2310"]
[BlackElo "2385"]

1.d4 Nf6 2.Bg5 Ne4 3.Bf4 d5 4.Nd2 Bf5 5.Nxe4 Bxe4 6.f3 Bg6 7.e3 e6 8.Bd3 Bd6
9.Ne2 c5 10.c3 Nc6 11.O-O O-O 12.Bxg6 hxg6 13.Qb3 Bxf4 14.Nxf4 Na5 15.Qc2 Nc4
16.Rfe1 cxd4 17.exd4 Rc8 18.Re2 Rc6 19.Rae1 Qc7 20.Nd3 Rc8 21.Ne5 Nxe5 22.Rxe5 b5
23.a3 a5 24.h4 b4 25.axb4 axb4 26.h5 gxh5 27.Rxh5 g6 28.Rh4 Qg3 29.Qf2 Qxf2+
30.Kxf2 bxc3 31.bxc3 Rxc3 32.Reh1 Kf8 33.Rh7 Ke7 34.R1h4 Rc2+ 35.Kg3 Rd2
36.Rf4 Rf8 37.Rg7 Rd1 38.Kh2 Rc1 39.g4 Rc4 40.Kg3 e5 41.dxe5 Rxf4 42.Kxf4 Rh8
43.Kg5 d4 44.f4 d3 45.e6 d2  0-1

[Event "Buenos Aires GP"]
[Site "Buenos Aires"]
[Date "1991.??.??"]
[Round "9"]
[White "Tempone, Marcelo"]
[Black "Rosito, Jorge"]
[Result "1-0"]
[WhiteElo "2460"]
[BlackElo "2330"]

1.d4 Nf6 2.Bg5 Ne4 3.Bf4 d5 4.Nd2 Nxd2 5.Qxd2 Bf5 6.Nf3 e6 7.e3 Bd6 8.Bg3 Nd7
9.Bd3 Bg6 10.O-O O-O 11.c4 Bxg3 12.hxg3 dxc4 13.Bxc4 c5 14.Rac1 Qb6 15.a4 cxd4
16.Nxd4 Rfd8 17.Rfd1 Nc5 18.a5 Qd6 19.Qe2 Qe5 20.b4 Ne4 21.a6 bxa6 22.Bxa6 Qg5
23.Bb7 Rab8 24.Nc6 Bh5 25.Rxd8+ Rxd8 26.Nxd8 Bxe2 27.Rc8 Nd6 28.Nxe6+ Nxc8
29.Nxg5 Nd6 30.Bd5 h6 31.Nf3 Bd3 32.Ne5 Bb5 33.f4 Kf8 34.Kf2 g6 35.g4 Kg7
36.e4 f5 37.Ke3 fxe4 38.Bxe4 g5 39.g3 Kf6 40.Bd5 Bf1 41.Kd4 Be2 42.Kc5 Nc8
43.b5 Nb6 44.Bb3 Nc8 45.Bc4 Bd1 46.Kc6 Nb6 47.Bf1 Bb3 48.Bg2 Ba4 49.Bf3 Nc8
50.Kc7 Nb6 51.Kc6 Nc8 52.Kc5 Nb6 53.Nc6 Nc8 54.Nxa7 Nxa7 55.b6 Nb5 56.b7 Nc7
57.Kb6  1-0

[Event "Cappelle op"]
[Site "Cappelle la Grande"]
[Date "1991.??.??"]
[Round "?"]
[White "Emms, John M"]
[Black "Belkhodja, Slim"]
[Result "1/2-1/2"]
[WhiteElo "2440"]
[BlackElo "2365"]

1.d4 Nf6 2.Bg5 Ne4 3.Bf4 c5 4.d5 d6 5.f3 Qa5+ 6.Nd2 Nf6 7.e4 g6 8.Bd3 Bg7
9.c3 O-O 10.Ne2 Nbd7 11.O-O Ne5 12.Bxe5 dxe5 13.a4 Ne8 14.Nc4 Qc7 15.Qc2 b6
16.b4 Nd6 17.b5 Bh6 18.Kh1 a5 19.bxa6 Bxa6 20.Nxd6 exd6 21.Bxa6 Rxa6 22.c4 Be3
23.Nc3 Qd7 24.Ra2 f5 25.exf5 gxf5 26.Qb3 Rfa8 27.Nb5 f4 28.Qc2 Kh8 29.Rfa1 Ra5
30.Rb1 R5a6 31.Ra3 Rg8 32.Rba1 Ra5 33.Rb1 Ra6 34.Rba1 Ra5 35.Rb1  1/2-1/2

[Event "Cheliabinsk op"]
[Site "Cheliabinsk"]
[Date "1991.??.??"]
[Round "1"]
[White "Djachkov, Sergej"]
[Black "Varavin, Viktor"]
[Result "1/2-1/2"]
[WhiteElo "2215"]
[BlackElo "2440"]

1.d4 Nf6 2.Bg5 Ne4 3.Bh4 c6 4.Nd2 d5 5.Nxe4 dxe4 6.c3 Bf5 7.e3 Nd7 8.f3 Nf6
9.Ne2 g6 10.Ng3 Qd5 11.Qb3 Qxb3 12.axb3 exf3 13.Bxf6 exf6 14.Nxf5 gxf5 15.g3 h5
16.Bd3 h4 17.Kf2 Rh5 18.Kxf3 Bd6 19.Rag1 Ke7 20.g4 fxg4+ 21.Kxg4 Rg5+ 22.Kh3 Rag8
23.Rxg5 Rxg5 24.Rf1 a5 25.Bf5 Bc7 26.c4 Rg8 27.Rd1 Rg5 28.e4 Rg8 29.c5 b6
30.d5 cxd5 31.Rxd5 Rd8 32.cxb6 Bxb6 33.Rxd8 Bxd8 34.Kxh4 Bc7 35.h3 Kf8 36.Kg4  1/2-1/2

[Event "Capablanca mem-C"]
[Site "Cienfuegos"]
[Date "1991.??.??"]
[Round "6"]
[White "Velez, Nestor"]
[Black "Moran, Augusto"]
[Result "0-1"]
[WhiteElo "2320"]
[BlackElo "2405"]

1.d4 Nf6 2.Bg5 Ne4 3.Bf4 d5 4.f3 Nf6 5.Nc3 e6 6.e4 Bb4 7.Bd3 c5 8.dxc5 dxe4
9.fxe4 Bxc3+ 10.bxc3 Qa5 11.Bd6 Qxc3+ 12.Kf1 Bd7 13.Ne2 Qa5 14.Nf4 Na6 15.e5 Nd5
16.Nxd5 exd5 17.Qf3 Nxc5 18.Qxd5 Rc8 19.Re1 Be6 20.Qd4 Nxd3 21.cxd3 Qd5 22.Qxd5 Bxd5
23.a3 Rc2 24.Re2 Bxg2+  0-1

[Event "Capablanca mem-C"]
[Site "Cienfuegos"]
[Date "1991.??.??"]
[Round "13"]
[White "Calderin, Roberto"]
[Black "Gomez, Felix"]
[Result "1-0"]
[WhiteElo "2345"]
[BlackElo "2365"]

1.d4 Nf6 2.Bg5 Ne4 3.Bf4 c5 4.d5 Qb6 5.Nd2 Nxd2 6.Bxd2 Qxb2 7.e4 g6 8.Ne2 Bg7
9.Rb1 Qa3 10.Rb3 Qa4 11.Nc3 Qa5 12.Nb5 Qd8 13.d6 Na6 14.Bg5 Qa5+ 15.c3 e6
16.Ra3 Qb6 17.Be7 Rb8 18.Bc4 f6 19.O-O Kf7 20.e5 f5 21.g4 h5 22.gxf5 gxf5
23.Qd3 Kg8 24.Kh1 Kh7 25.Qh3 Bh6 26.Rg1  1-0

[Event "Copenhagen op"]
[Site "Copenhagen"]
[Date "1991.??.??"]
[Round "7"]
[White "Andersen, Ib"]
[Black "Tischbierek, Raj"]
[Result "0-1"]
[WhiteElo "2255"]
[BlackElo "2500"]

1.d4 Nf6 2.Bg5 Ne4 3.Bh4 c5 4.f3 g5 5.fxe4 gxh4 6.e3 Bh6 7.Qd3 Nc6 8.c3 d5
9.dxc5 dxe4 10.Qxe4 Be6 11.Nd2 Qa5 12.Bc4 Bxc4 13.Nxc4 Qxc5 14.b4 Qh5 15.b5 Bg7
16.Ne2 Ne5 17.Nf4 Qg5 18.O-O O-O 19.Nxe5 Qxe5 20.Qxe5 Bxe5 21.Rac1 Rfd8 22.Rfd1 e6
23.Nd3 Bc7 24.c4 a6 25.Rc2 axb5 26.cxb5 Bb6 27.Kf2 Ra5 28.Rb2 Rd5 29.Ke2 Rdxb5
30.Rdb1 Rxa2 31.Rxa2 Rxb1 32.Ra8+ Kg7 33.Ra4 Bd8 34.Ne5 Bg5 35.Nf3 Rb2+ 36.Nd2 Be7
37.Kd3 Rb4 38.Ra2 h3 39.gxh3 Rh4 40.Rb2 Rxh3 41.Rxb7 Bd6 42.Ne4 Bf4  0-1

[Event "Dieren op"]
[Site "Dieren"]
[Date "1991.??.??"]
[Round "7"]
[White "Van der Griendt, Jan Willem"]
[Black "Ravikumar, Vaidyanathan"]
[Result "0-1"]
[WhiteElo "2450"]
[BlackElo "2355"]

1.d4 Nf6 2.Bg5 Ne4 3.Bf4 d5 4.f3 Nf6 5.Nc3 e6 6.e4 Bb4 7.e5 Nfd7 8.Ne2 b6
9.a3 Be7 10.b4 O-O 11.g3 a6 12.Na2 a5 13.c3 Ba6 14.Be3 c5 15.Nf4 Bxf1 16.Kxf1 axb4
17.axb4 Nc6 18.Nd3 Ra7 19.dxc5 bxc5 20.bxc5 Qa8 21.Qe2 Ndxe5 22.Nxe5 Nxe5
23.c6 Ra4 24.Kg2 Nc4 25.Bf2 Qxc6 26.Rab1 Qa8 27.Nc1 Bf6 28.Rb3 Rb8 29.Rxb8+ Qxb8
30.Qc2 Qa8 31.Rd1 h6 32.Kg1 Ra3 33.Rd3 Ne5 34.Re3 d4 35.cxd4 Nxf3+ 36.Kf1 Nxh2+
37.Ke2 Qa6+ 38.Rd3 Ng4 39.d5 Ne5  0-1

[Event "Telecom op"]
[Site "Dublin"]
[Date "1991.??.??"]
[Round "?"]
[White "Hodgson, Julian M"]
[Black "Emms, John M"]
[Result "1-0"]
[WhiteElo "2545"]
[BlackElo "2440"]

1.d4 Nf6 2.Bg5 Ne4 3.h4 c5 4.dxc5 Na6 5.Nd2 Naxc5 6.Ngf3 g6 7.Nxe4 Nxe4 8.Qd4 Nf6
9.Bxf6 exf6 10.h5 Bg7 11.hxg6 fxg6 12.O-O-O O-O 13.e3 d5 14.Bc4 Be6 15.Bxd5 Bxd5
16.Qxd5+ Qxd5 17.Rxd5 Rf7 18.Rhd1 h5 19.Nd4 Kh7 20.Ne6 Rc8 21.Rd7 Kg8 22.Nf4 Rc7
23.Rxc7 Rxc7 24.Nxg6  1-0

[Event "BCF-ch"]
[Site "Eastbourne"]
[Date "1991.??.??"]
[Round "3"]
[White "Hodgson, Julian M"]
[Black "Plaskett, Jim"]
[Result "1-0"]
[WhiteElo "2545"]
[BlackElo "2480"]

1.d4 Nf6 2.Bg5 Ne4 3.Bf4 c5 4.d5 Qb6 5.Qc1 g6 6.f3 Bg7 7.c3 Nf6 8.e4 e6 9.Na3 O-O
10.Nb5 exd5 11.Nc7 d6 12.Nxa8 Qc6 13.a4 c4 14.Ne2 dxe4 15.Nd4 Qc5 16.Qd2 exf3
17.O-O-O Na6 18.gxf3 Bd7 19.Nb5 Rxa8 20.Qxd6 Qxd6 21.Nxd6 Bxa4 22.Bxc4 Bxd1
23.Rxd1 Nh5 24.Be3 Be5 25.Nxf7 Bf4 26.Ng5+ Kh8 27.Bxf4 Nxf4 28.Rd7  1-0

[Event "ENG-ch m"]
[Site "ENG"]
[Date "1991.??.??"]
[Round "2"]
[White "Hodgson, Julian M"]
[Black "Nunn, John DM"]
[Result "1/2-1/2"]
[WhiteElo "2570"]
[BlackElo "2610"]

1.d4 Nf6 2.Bg5 Ne4 3.h4 c5 4.dxc5 Qa5+ 5.Nd2 Nxg5 6.hxg5 g6 7.c3 Qxc5 8.Ngf3 Bg7
9.e3 Nc6 10.Nb3 Qb6 11.a4 d6 12.a5 Qc7 13.Ra4 Bd7 14.Qa1 h5 15.gxh6 Rxh6
16.Rxh6 Bxh6 17.a6 Rb8 18.Nbd4 Bg7 19.axb7 Nxd4 20.Nxd4 Rxb7 21.Ra2 e5 22.Nc2 Be6
23.Ra6 Qb8 24.Qa5 Bf6 25.Nb4 Bd8 26.Qa4+ Bd7 27.Qd1 Be7 28.Be2 Rb6  1/2-1/2

[Event "ENG-ch m"]
[Site "ENG"]
[Date "1991.??.??"]
[Round "4"]
[White "Adams, Michael"]
[Black "Watson, William N"]
[Result "1/2-1/2"]
[WhiteElo "2615"]
[BlackElo "2525"]

1.d4 Nf6 2.Bg5 Ne4 3.Bf4 c5 4.d5 Qb6 5.Qc1 g6 6.f3 Bg7 7.c3 Nf6 8.e4 O-O
9.Nd2 d6 10.Nc4 Qd8 11.a4 e6 12.dxe6 Bxe6 13.Bxd6 Re8 14.Bg3 Nh5 15.Qd2 Nc6
16.Qxd8 Raxd8 17.Nh3 Bxh3 18.gxh3 f5 19.Rd1 fxe4 20.Rxd8 Rxd8 21.fxe4 Bh6
22.Be2 Nf4 23.Rf1 Nxh3 24.Nd6 Na5  1/2-1/2

[Event "NLD-ch sf"]
[Site "Enschede"]
[Date "1991.??.??"]
[Round "8"]
[White "Pieterse, Gert"]
[Black "Nijboer, Friso"]
[Result "0-1"]
[WhiteElo "2415"]
[BlackElo "2455"]

1.d4 Nf6 2.Bg5 Ne4 3.Bf4 c5 4.f3 Nf6 5.d5 d6 6.e4 e5 7.Be3 Be7 8.Ne2 Nh5
9.g4 Bh4+ 10.Kd2 Nf4 11.Nbc3 Qf6 12.Kc1 h5 13.Qd2 hxg4 14.Nxf4 exf4 15.Bxf4 g5
16.Be3 gxf3 17.Rg1 Rh5 18.e5 Qxe5 19.Bb5+ Nd7 20.Rf1 g4 21.Bf4 Qxf4 22.Qxf4 Bg5
23.Qxg5 Rxg5 24.Ne4 Rg6 25.Kd2 a6 26.Bxd7+ Bxd7 27.Rae1 O-O-O 28.Ke3 Rh8
29.Rh1 Rgh6 30.Kf4 Rxh2 31.Nxd6+ Kc7 32.Rxh2 Rxh2 33.Nc4 Rxc2 34.d6+ Kd8
35.Ne5 f6 36.Nd3 Bb5  0-1

[Event "Arnold Cup"]
[Site "Gausdal"]
[Date "1991.??.??"]
[Round "6"]
[White "Jacobs, Byron A"]
[Black "Mainka, Romuald"]
[Result "1-0"]
[WhiteElo "2340"]
[BlackElo "2430"]

1.d4 Nf6 2.Bg5 Ne4 3.Bf4 c5 4.d5 Qb6 5.Nd2 Qxb2 6.Rb1 Qf6 7.Nxe4 Qxf4 8.Nxc5 e6
9.e3 Qc7 10.Nb3 exd5 11.Nf3 Nc6 12.c3 Be7 13.Qxd5 d6 14.Bc4 O-O 15.Qd2 Bf6
16.O-O Ne5 17.Nxe5 dxe5 18.Bd5 Rd8 19.e4 Bd7 20.c4 a5 21.Nc1 Rab8 22.Nd3 b5
23.cxb5 Rxb5 24.Rxb5 Bxb5 25.Rc1 Qe7 26.Rb1 Ba6 27.Ne1 Qa3 28.Qe3 Qa4 29.Qa7 Bb5
30.Qxf7+ Kh8 31.Qc7 h6 32.h3 Kh7 33.Qc5 Ba6 34.Kh2 Qd4 35.Qb6 Be2 36.Nc2 Qd2
37.Ne3 Bg5 38.Nf5 Qf4+ 39.g3 Qf3 40.h4 Bf6 41.Rb3 Qg4 42.Qxa5 Bf1 43.Kg1 Qh3
44.Ne3 Be2 45.Ng2 Bd1 46.Rd3 Be2 47.Re3 Bg4 48.Qe1 Be7 49.Qf1 Bc5 50.Rb3 Bh5
51.Ne3 Qc8 52.Kh2 Bd4 53.Qh3 Qc1 54.Qf5+ Bg6 55.Qf3 h5 56.Bf7 Bxf7 57.Qxf7 Bxe3
58.Rxe3 Qf1 59.Qxh5+ Kg8 60.Qe2  1-0

[Event "Gelsenkirchen"]
[Site "Gelsenkirchen"]
[Date "1991.??.??"]
[Round "?"]
[White "Blasek, Ralph"]
[Black "Pichler, Juergen"]
[Result "0-1"]
[WhiteElo "2330"]
[BlackElo "2425"]

1.d4 Nf6 2.Bg5 Ne4 3.Bf4 c5 4.f3 Nf6 5.d5 d6 6.e4 e5 7.dxe6 Bxe6 8.Nc3 Nc6
9.Nd5 a6 10.Ne2 Bxd5 11.exd5 Ne7 12.c4 Ng6 13.Qd2 Be7 14.Be3 O-O 15.Ng3 Re8
16.Be2 Qd7 17.a4 h5 18.Bd3 Ne5 19.O-O g6 20.Bg5 Nh7 21.Bxe7 Rxe7 22.Rae1 Rae8
23.Ne4 Nxd3 24.Rd1 Ne5 25.Qh6 Nxf3+ 26.gxf3 Rxe4 27.fxe4 Qg4+ 28.Kh1 Qxe4+
29.Kg1 Qg4+ 30.Kh1 Re2  0-1

[Event "NRW-Liga II 9091"]
[Site "Germany"]
[Date "1991.??.??"]
[Round "?"]
[White "Dorner, Matthias"]
[Black "Heil, Siegfried"]
[Result "1-0"]
[WhiteElo "2305"]
[BlackElo "2370"]

1.d4 Nf6 2.Bg5 Ne4 3.Bf4 d5 4.Nd2 Bf5 5.e3 c6 6.Ngf3 Nd7 7.Be2 e6 8.O-O Be7
9.c4 g5 10.Be5 Rg8 11.cxd5 exd5 12.Nxe4 dxe4 13.Nd2 Nxe5 14.dxe5 Qd5 15.Nc4 O-O-O
16.Qa4 Kb8 17.Rfc1 Rd7 18.Qc2 Rgd8 19.a3 Bf8 20.g4 Bg6 21.Rd1 Qe6 22.Rxd7 Rxd7
23.Rd1 Rd5 24.b4 Bg7 25.Rxd5 cxd5 26.Na5 Bxe5 27.Qc5 Bc7 28.Qf8+ Qc8 29.Qg7 Bxa5
30.bxa5 Qe8 31.Qf6 a6 32.Qd6+ Ka7 33.Qxd5 Qe7 34.Qd4+ Ka8 35.Bc4 f5 36.gxf5 Bxf5
37.Bd5 Bg6 38.Qb4 Qd7 39.Qf8+ Ka7 40.Qc5+ Kb8 41.h3 Qxh3 42.Qd6+  1-0

[Event "BL2-S9091"]
[Site "Germany"]
[Date "1991.??.??"]
[Round "?"]
[White "Fritsch, Rolf"]
[Black "Schmid, Guenter"]
[Result "1/2-1/2"]
[WhiteElo "2220"]
[BlackElo "2310"]

1.d4 Nf6 2.Bg5 Ne4 3.Bf4 d5 4.Nd2 Nxd2 5.Qxd2 Bf5 6.e3 e6 7.Nf3 Bd6 8.Bxd6 cxd6
9.Be2 Nc6 10.O-O O-O 11.Rfc1 Be4 12.Ne1 Rc8 13.b4 Qb6 14.a3 a5 15.b5 Ne7
16.a4 Rc7 17.Nd3 Rfc8 18.c3 Bxd3 19.Bxd3 Ng6 20.Rc2 Nf8 21.Rac1 Nd7 22.h4 Qa7
23.c4 dxc4 24.Rxc4 Rxc4 25.Bxc4 Qb8 26.Bb3 Rc7 27.Rc2 Qc8 28.g3 Rxc2 29.Qxc2 Qxc2
30.Bxc2 Nb6 31.Kf1 Kf8 32.Ke2 Ke7 33.e4 e5 34.Kd3 h6 35.f4 f6 36.h5 Nd7 37.Ke3 Nb6
38.Bb3 Kd7 39.Kd3 Ke7 40.Ke3 Kd7 41.Kf3 exd4 42.Ke2 d5 43.Kd3 Kd6 44.Kxd4 dxe4
45.Kxe4 Nc8 46.Kd4 Ne7 47.g4 b6 48.Ba2 Kc7 49.Bb3 Kd6 50.Ba2  1/2-1/2

[Event "Bundesliga 9091"]
[Site "Germany"]
[Date "1991.??.??"]
[Round "?"]
[White "Keitlinghaus, Ludger"]
[Black "Knaak, Rainer"]
[Result "0-1"]
[WhiteElo "2400"]
[BlackElo "2515"]

1.d4 Nf6 2.Bg5 Ne4 3.Bh4 g5 4.f3 gxh4 5.fxe4 e5 6.Nf3 exd4 7.Qxd4 Rg8 8.Qe5+ Qe7
9.Qxc7 Na6 10.Qc4 b5 11.Qd5 Nc7 12.Qd3 Bb7 13.Nc3 Bh6 14.Nd4 Rg5 15.e3 b4
16.Ncb5 Nxb5 17.Nxb5 d5 18.O-O-O a6 19.Nd4 dxe4 20.Qb3 Rc5 21.Kb1 Rac8 22.Be2 Bd5
23.Qa4+ Kf8 24.Bg4 Rb8 25.Nf5 Qe6 26.h3 Bg5 27.Rhf1 Qb6 28.Qd7 Bxa2+ 29.Kc1 Rxf5
30.Rxf5 Qxe3+ 31.Rd2 Rd8 32.Qxd8+ Bxd8  0-1

[Event "Bundesliga 9091"]
[Site "Germany"]
[Date "1991.??.??"]
[Round "?"]
[White "Hargens, Thomas"]
[Black "Clara, Hans Joachim"]
[Result "1/2-1/2"]
[WhiteElo "2255"]
[BlackElo "2430"]

1.d4 Nf6 2.Bg5 Ne4 3.h4 h6 4.Bf4 c5 5.e3 Qb6 6.Nc3 Nxc3 7.bxc3 d5 8.Nf3 Nc6
9.Be2 e6 10.O-O Be7 11.h5 O-O 12.Kh1 Rd8 13.g4 f6 14.Rb1 Qa5 15.Rg1 Qxc3
16.Bc7 c4 17.Bxd8 Bxd8 18.Ne1 Rb8 19.Rg3 Bc7 20.Rh3 Bd7 21.Bf1 Ba5 22.Qe2 a6
23.f4 b5 24.Rd1 Re8 25.Qg2 Ne7 26.g5 Kf7 27.e4 Qb2 28.gxf6 gxf6 29.exd5 exd5
30.Re3 Bf5 31.Qe2 Qb4 32.Bg2 Qd6 33.Nf3 Bc7 34.Re1 Be4 35.Rxe4 dxe4 36.Qxe4 Rg8
37.Bh3 Rg3 38.Qh7+ Rg7 39.Qxh6 Ng8 40.Be6+ Kf8 41.Bxg8 Kxg8 42.Re8+ Kf7 43.Qh8 Qa3
44.Ng1 Bxf4 45.Re2 Be3 46.Rg2 Rxg2 47.Kxg2 Bxg1 48.Qh7+ Kf8 49.Qh6+ Ke7 50.Kxg1 Qg3+
51.Kf1 Qf3+ 52.Ke1 Qe4+ 53.Kf1 Kf7 54.Qd2 Qh1+ 55.Kf2 Qh2+ 56.Ke1 Qxh5 57.Qf4 Qg5
58.Qe4 a5 59.a3 Qg3+ 60.Ke2 Qh2+ 61.Kf1 c3 62.Qb7+ Kg6 63.Qe4+ Kg5 64.Qd5+ Kh6
65.Qe4 Qh3+ 66.Kf2 Kg5 67.d5 Qh2+ 68.Kf3 Qh1+ 69.Ke3 Qc1+ 70.Kf3 Qd1+ 71.Kg3 Qg1+
72.Kf3 Qf1+ 73.Ke3 Qc1+ 74.Kf3 Qxa3 75.Qf4+ Kg6 76.Qg4+ Kf7 77.Qe6+ Kg7 78.d6 Qc1
79.Qe7+ Kg6 80.Qe8+ Kg7 81.d7 Qd1+ 82.Kf4 Qd4+ 83.Kg3  1/2-1/2

[Event "BL2-W9091"]
[Site "Germany"]
[Date "1991.??.??"]
[Round "?"]
[White "Jacobs, Byron A"]
[Black "Hoffmann, Michael"]
[Result "0-1"]
[WhiteElo "2340"]
[BlackElo "2370"]

1.d4 Nf6 2.Bg5 Ne4 3.Bf4 c5 4.d5 Qb6 5.Nd2 Qxb2 6.Rb1 Qf6 7.Nxe4 Qxf4 8.Nxc5 e6
9.e3 Qc7 10.Nb3 Bb4+ 11.Nd2 Qa5 12.c4 Na6 13.Nf3 Nc5 14.Qc2 b6 15.Be2 Ba6
16.dxe6 dxe6 17.O-O Bxd2 18.Nxd2 O-O 19.Nb3 Qa4 20.Rfc1 Rac8 21.Qb2 Nd7 22.Nd2 Bb7
23.Rc3 Qc6 24.Bf3 Qc7 25.Bxb7 Qxb7 26.Qb4 Nc5 27.a4 Qd7 28.Ra3 a5 29.Qc3 Nxa4
30.Qd4 Qc6 31.Rb5 Rfd8 32.Rxa4 Rxd4 33.exd4 h6 34.f3 Qd7 35.Nb3 Rxc4 36.Rxc4 Qxb5
37.Rc8+ Kh7  0-1

[Event "Hajduszoboszlo zt (Women)"]
[Site "Hajduszoboszlo"]
[Date "1991.??.??"]
[Round "4"]
[White "Gocheva, Rumiana B"]
[Black "Repkova Eid, Eva"]
[Result "1/2-1/2"]
[WhiteElo "2235"]
[BlackElo "2170"]

1.d4 Nf6 2.Bg5 Ne4 3.Bh4 c5 4.f3 g5 5.fxe4 gxh4 6.e3 Bh6 7.Kf2 e6 8.Qh5 Qf6+
9.Nf3 cxd4 10.exd4 Bc1 11.Qc5 Nc6 12.Qc3 e5 13.d5 Nd4 14.Nd2 Nxf3 15.Qxf3 Qxf3+
16.Nxf3 Bxb2 17.Rb1 Ba3 18.Nxe5 Bc5+ 19.Ke1 d6 20.Nd3 Bd4 21.Kd2 Rg8 22.e5 Bxe5
23.Nxe5 dxe5 24.Rb4 Rg4 25.Rxg4 Bxg4 26.Bd3 Rd8 27.c4 b5 28.Re1 f6 29.Re4 bxc4
30.Rxc4 f5  1/2-1/2

[Event "Hamburg SKA"]
[Site "Hamburg"]
[Date "1991.??.??"]
[Round "?"]
[White "Piket, Jeroen"]
[Black "Maus, Soenke"]
[Result "1/2-1/2"]
[WhiteElo "2550"]
[BlackElo "2400"]

1.d4 Nf6 2.Bg5 Ne4 3.Bf4 d5 4.Nd2 Bf5 5.e3 e6 6.Nxe4 Bxe4 7.Ne2 Be7 8.c4 c6
9.Nc3 Bg6 10.Be2 Nd7 11.O-O O-O 12.h3 Re8 13.a3 Bf8 14.Bg3 dxc4 15.Bxc4 e5
16.d5 Nb6 17.Ba2 cxd5 18.Nxd5 Be4 19.Nc3 Bd3 20.Qf3 Qf6 21.Qxf6 gxf6 22.Rfd1 Red8
23.e4 Kg7 24.Bh4 Rd6 25.f3 Rad8 26.Bf2 f5 27.a4 fxe4 28.fxe4 Ba6 29.Rxd6 Rxd6
30.a5 Nc4 31.Bxa7 Nxb2 32.Bd5 Nd3 33.Nd1 Rd7 34.Ne3 Nf4 35.g3 Nxh3+ 36.Kg2 Ng5
37.Rb1 Bd3 38.Rxb7 Rxb7 39.Bxb7 Nxe4 40.Bb8 Nc5 41.Bxe5+ f6 42.a6 Nxa6 43.Bb2 Nc5
44.Bf3 Bg6 45.Nd5 Be4  1/2-1/2